M-O Countries and Capitals Quiz Stats

 Plays Quiz not verified by Sporcle

Challenge
Share
Tweet
Embed
Score 0/9 Timer 03:00
0 Plays Today
Hint Answer % Correct
CountryMorocco
94.3%
CountryMonaco
90.8%
World CapitalMonaco (Monaco)
90.8%
CountryMontenegro
85.1%
CountryMexico
83.9%
World CapitalMaputo (Mozambique)
66.7%
World CapitalMalabo (Equatorial Guinea)
65.5%
World CapitalMajuro (Marshall Islands)
59.8%
World CapitalMontevideo (Uruguay)
55.2%

You're not logged in!

Compare scores with friends on all Sporcle quizzes.
Join for Free
OR
Log In

You Might Also Like...

Show Comments

Extras

Top Quizzes Today


Score Distribution

Your Account Isn't Verified!

In order to create a playlist on Sporcle, you need to verify the email address you used during registration. Go to your Sporcle Settings to finish the process.

Report this User

Report this user for behavior that violates our Community Guidelines.

Details: